Periódicos de Madrid (Record no. 155129)

MARC details
000 -LEADER
campo de control de longitud fija 00726nam a2200169 i 4500
001 - NÚMERO DE CONTROL
campo de control 155129
003 - IDENTIFICADOR DE NÚMERO DE CONTROL
campo de control ES-MaACL
005 - FECHA Y HORA DE LA ÚLTIMA TRANSACCIÓN
campo de control 20231228063234.0
008 - DATOS DE LONGITUD FIJA--INFORMACIÓN GENERAL
campo de control de longitud fija 981013s1876 sp b |||| | spa d
100 1# - ENTRADA PRINCIPAL--NOMBRE DE PERSONA
Nombre de persona Hartzenbusch, Juan Eugenio,
Fechas asociadas al nombre 1806-1880
9 (RLIN) 62011
245 10 - MENCIÓN DEL TÍTULO
Título Periódicos de Madrid
Resto del título : tabla cronológica de los incluidos en la obra premiada por la Biblioteca Nacional, en el certamen público de 1873 a Eugenio Hartzenbusch.
260 ## - PUBLICACIÓN, DISTRIBUCIÓN, ETC.
Lugar de publicación, distribución, etc. Madrid :
Nombre del editor, distribuidor, etc. [s.n.],
Fecha de publicación, distribución, etc. 1876 (
Fabricante Imp., Estereotipia y Galvanoplastia de Aribau y Cª)
300 ## - DESCRIPCIÓN FÍSICA
Extensión XXXIII, 330 p. ;
Dimensiones 17 cm.
650 04 - PUNTO DE ACCESO ADICIONAL DE MATERIA--TÉRMINO DE MATERIA
Término de materia o nombre geográfico como elemento de entrada Periódicos-
Subdivisión geográfica Madrid-
Subdivisión de forma Bibliografías.
9 (RLIN) 168312
852 ## - LOCALIZACIÓN
Ubicación ES-MaACL
Número de control de estantería F-13444
Nota libre - Enc. pasta española
Holdings
Estatus retirado Estado de pérdida Fuente del sistema de clasificación o colocación Estado de daño No para préstamo Colección Biblioteca de origen Biblioteca actual Ubicación en estantería Fecha de adquisición Total de préstamos Signatura topográfica completa Código de barras Visto por última vez Precio de reemplazo Tipo de ítem Koha
    Clasificación decimal universal     Biblioteca profesional Biblioteca del Ateneo de Madrid Biblioteca del Ateneo de Madrid Sala Pecera Planta 2 17/01/2008   F-13444 1162272 23/02/2023 23/02/2023 Libro impreso antiguo